Rezignácia na vlastný život

Bibliographic Details
Main Author: Geisbacherová, Michaela (Author)
Format: Article
Language:Slovak
ISSN:1210-1982
Subjects:

MARC

LEADER 00000nab a2200000 ar4500
001 vtls008830677
003 SK-MaSNL
005 20260303062932.0
008 060713c2006 xo mr|p|||||||000 b|slo
015 |a SNBRB2006/07  |2 snkbucl 
038 |a SNKBUCL 
040 |a SNKBUCL  |b slo  |c SNKBUCL  |e AACR2 
041 0 |a slo 
044 |a xo  |c SK 
080 |a 82.09:821.111 (73)-32  |x (048)  |2 1997 
080 |a 821.111 (73)-32  |x (048)  |2 1997 
100 1 |a Geisbacherová, Michaela  |4 aut  |9 1033660 
245 1 0 |a Rezignácia na vlastný život  |c Michaela Geisbacherová 
650 0 7 |a spoločenské poviedky, americké  |x recenzie  |2 snkbucl  |9 14075 
773 0 |t Knižná revue  |g Roč. XVI., č. 11 (2006), s. 7  |x 1210-1982 
787 0 8 |i Rec.:  |a Bukowski, Charles, 1920-1994  |t Príbehy obyčajného šialenstva  |d Bratislava : Belimex, 2005  |z 8089083838 
852 |a SNK  |b KIS3GCP 
958 |a LX 
958 |a US 
958 |a RC 
999 |c 1741113  |d 1743043